Statistiques concernant 250 Personnages de One Piece

Cliquez ici pour prendre le quiz!

Statistiques générales

  • Ce quiz a été pris 89 fois
    (86 depuis la dernière actualisation)
  • Le résultat moyen est 163 sur 250

Statistiques - réponses

Réponses% Correct
Monkey D. Luffy
100%
Crocodile
98%
Nami
98%
Nico Robin
98%
Roronoa Zoro
98%
Tony Tony Chopper
98%
Vinsmoke Sanji
98%
Don Quichotte Doflamingo
95%
Franky
95%
Usopp
95%
Baggy
93%
Big Mom
93%
Boa Hancock
93%
Brook
93%
Dracule Mihawk
93%
Jinbe
93%
Monkey D. Garp
93%
Akainu
91%
Aokiji
91%
Arlong
91%
Charlotte Cracker
91%
Charlotte Katakuri
91%
Kaido
91%
Kizaru
91%
Marco
91%
Nefertari Vivi
91%
Portgas D. Ace
91%
Shanks
91%
Trafalgar D. Water Law
91%
Barbe blanche
89%
Barbe Noire
89%
Charlotte Smoothie
89%
Eustass Kid
89%
Killer
89%
Kobby
89%
Rob Lucci
89%
Basil Hawkins
86%
Gecko Moria
86%
Jewerly Bonney
86%
Kaku
86%
King
86%
Kuma
86%
Nefertari Cobra
86%
Queen
86%
Sabo
86%
Sengoku
86%
Silvers Rayleigh
86%
Urouge
86%
Yasopp
86%
Dragon
84%
Fujitora
84%
Gol D. Roger
84%
Hermep
84%
Jack
84%
Joz
84%
Kozuki Oden
84%
Smoker
84%
X. Drake
84%
Ben Beckmann
82%
Charlotte Perospero
82%
Ener
82%
Nekomamushi
82%
Scratchmen Apoo
82%
Cesar
80%
Ivankov
80%
Kinemon
80%
Momonosuke
80%
Vegapunk
80%
Baby 5
77%
Capone Bege
77%
Carrot
77%
Kalifa
77%
Kanjuro
77%
Kuro
77%
Lucky Roux
77%
Morgan
77%
Perona
77%
Pica
77%
Rebecca
77%
Tashigi
77%
Alvida
75%
Charlotte Pudding
75%
Diamante
75%
Hiluluk
75%
Icebarg
75%
Inuarashi
75%
Jesus Burgess
75%
Koala
75%
Kurozumi Tama
75%
Monet
75%
Mr 4
75%
Mr 5
75%
Neptune
75%
Pandaman
75%
Shirahoshi
75%
Zeff
75%
Belmer
73%
Blueno
73%
Charlotte Brulée
73%
Leo
73%
Saint Jaygarcia Saturn
73%
Sugar
73%
Vergo
73%
Vista
73%
Absalom
70%
Bartolomeo
70%
Bellamy
70%
Black Maria
70%
Bon Clay
70%
Charlotte Oven
70%
Dadan
70%
Denjiro
70%
Kureha
70%
Octo
70%
Page One
70%
Pedro
70%
Tom
70%
Trebol
70%
Ulti
70%
Bepo
68%
Cavendish
68%
Don Krieg
68%
Haguar D. Sauro
68%
Inazuma
68%
Izou
68%
Kikunojo
68%
Makino
68%
Shiliew
68%
Wapol
68%
Who's Who
68%
Corazon
66%
Crocus
66%
Kuruzomi Orochi
66%
Nojiko
66%
Raizo
66%
Ryokugyu
66%
Senor Pink
66%
Spandam
66%
Ashura Doji
64%
Doc Q
64%
Hiyori
64%
Hody Jones
64%
Jabura
64%
Kaya
64%
Kong
64%
Kyros
64%
Oz
64%
Pauly
64%
Pell
64%
Rockstar
64%
Yamato
64%
Catarina Devon
61%
Charlotte Daifuku
61%
Kawamatsu
61%
Laboon
61%
Pekoms
61%
Sai
61%
Toki
61%
Tsuru
61%
Viola
61%
Imu
59%
Jango
59%
Stussy
59%
Belo Betty
57%
Brogy
57%
Don Chinjao
57%
Foxy
57%
Lafitte
57%
Magellan
57%
Olvia
57%
Sasaki
57%
Scopper Gaban
57%
Sentomaru
57%
Vinsmoke Reiju
57%
Buffalo
55%
Conis
55%
Kaloo
55%
Marigold
55%
Morley
55%
Smack
55%
Van Augur
55%
Vinsmoke Ichiji
55%
Cabaji
52%
Dorry
52%
Galdino
52%
Hogback
52%
Montblanc Norland
52%
Saint Marcus Mars
52%
Sandersonia
52%
Vinsmoke Judge
52%
Vinsmoke Niji
52%
Daz Bones
50%
Edward Weevil
50%
Genzo
50%
Hajrudin
50%
Karasu
50%
Ryuma
50%
Sanjuan Wolf
50%
Wiper
50%
Avalo Pizarro
48%
Dellinger
48%
Gladius
48%
Kuina
48%
Tamago
48%
Vinsmoke Yonji
48%
Vogue Merry
48%
Chaka
45%
Charlotte Snack
45%
Kuroobi
45%
Lao G
45%
Lindbergh
45%
Vasco Shot
45%
Xebec
45%
Clover
43%
Fukuro
43%
Ideo
43%
Igaram
43%
Morge
43%
Saint Charlos
43%
Sunny
43%
Gan Forr
41%
Montblanc Cricket
41%
Ohm
41%
Gaimon
39%
Hannyabal
39%
Richy
39%
Kumadori
36%
Margaret
36%
Joyboy
34%
Satori
34%
Higuma
32%
Saint Shepherd Ju Peter
32%
Shiki
32%
Blamenco
30%
Shura
30%
Cocoro
27%
Gedatsu
27%
Saint Ethanbaron V. Nusjuro
27%
Caribou
25%
Namur
23%
Saint Figarland Garling
23%
Saint Topman Warcury
23%
Kiwi & Mozu
20%
Lime Juice
18%
Zunesha
18%
Satch
14%
Building Snake
9%
Guernica
7%
Rakuyou
7%
Bonk Panchi
2%

Distribution des résultats

Percentile par nombre de réponses

% des personnes avec chaque résultat

Votre développement - résultats

Vous n’avez pas pris ce quiz depuis la dernière actualisation